| 000 | 02918nam0a2200397 4500 | ||
|---|---|---|---|
| 001 | RU\NLR\bibl\1395147 | ||
| 005 | 20260405183535.0 | ||
| 010 |
_a978-5-17-059320-0 _910000 |
||
| 021 |
_aRU _b2009-42050 _92555 |
||
| 035 | _a(nilc)IZD\AST\2007\874734 | ||
| 035 | _a(NLR Aleph) 001387174 | ||
| 090 |
_a1138990 _c1138990 |
||
| 100 | _a20090508d2009 |||y0rusy50 ca | ||
| 101 | 0 | _arus | |
| 102 | _aRU | ||
| 105 | _aa ||||||||| | ||
| 200 | 1 |
_a60 упражнений Валентина Дикуля + Методы активизации внутренних резервов человека = ваше 100% здоровье _fИван Кузнецов |
|
| 210 |
_aМосква _cАСТ _d2009 |
||
| 215 |
_a154 с. _cил. _d20 |
||
| 225 | 1 | _aЗдоровье - это счастье! | |
| 330 | _aМногие знают историю чудесного выздоровления Валентина Дикуля. Вопреки мнениям авторитетных врачей он смог не только выздороветь после тяжелейшей травмы, но и стать знаменитым силовым жонглером. Успех Дикуля - это уникальный комплекс физических упражнений и безграничная вера в победу. Эта книга поможет вам пройти путем Дикуля. Вы найдете здесь не только описание упражнений, четкую методику тренировок, но и специальные упражнения, активизирующие внутренние, ментальные резервы здоровья, развивающие волю, создающие нужный настрой, который помогает организму заниматься и получать результаты. | ||
| 532 | 1 | 1 | _aШестьдесят упражнений Валентина Дикуля + Методы активизации внутренних резервов человека = ваше 100% здоровье |
| 606 | 1 |
_aТерапия нетрадиционная _jПопулярные издания _92050901 _3RU\NLR\auth\66946143 |
|
| 686 |
_a0359 _aЗаболевания опорно-двигательного аппарата _2TCC-BG |
||
| 686 |
_a0342 _aСпортивно-оздоровительные системы _2TCC-BG |
||
| 686 |
_a54.18 _vLBC/PL _2rubbk |
||
| 686 | _aР358.9я9 | ||
| 700 | 1 |
_4070 _8rus _7ca _aКузнецов _bИ. _cпопуляризатор _gИван _3RU\NLR\auth\7780127 _963055 |
|
| 702 | 1 |
_aДикуль _bВ. _gВалентин _4570 |
|
| 801 | 0 |
_aRU _bЛИБНЕТ _c20090508 |
|
| 801 | 1 |
_aRU _bЦУНБ Москва _c20090528 _2rusmarc |
|
| 801 | 2 |
_aRU _bNLR _c20090723 _grcr |
|
| 830 | _aCODE_OF_LIBNET\000027445 | ||
| 942 | _cBOOK | ||
| 980 | _aNB | ||